| Tag |
First Indicator |
Second Indicator |
Subfields |
| LEADER |
00000pam a2200000 a 4500 |
| 001 |
in00000075870 |
| 005 |
20151008054905.0 |
| 008 |
810311s1981 maua b 10100 eng |
| 010 |
|
|
|a 81080575
|
| 019 |
|
|
|a 7938923
|
| 020 |
|
|
|a 0899460895 (Oelgeschlager, Gunn & Hain) :
|c 9.50
|
| 020 |
|
|
|a 086010303X (Graham & Trotman)
|
| 035 |
|
|
|a (OCoLC)07273885
|
| 035 |
|
|
|9 AAJ1973AM
|
| 039 |
0 |
|
|a 2
|b 3
|c 3
|d 3
|e 3
|
| 040 |
|
|
|a DLC
|c DLC
|d TXA
|d UtOrBLW
|
| 049 |
|
|
|a TXAM
|c [985418]
|
| 050 |
0 |
0 |
|a HD9502.A2
|b I5777
|
| 082 |
0 |
|
|a 333.79
|2 19
|
| 245 |
0 |
0 |
|a International energy options :
|b an agenda for the 1980s : selected papers from leading contributors to the 1980 annual conference of the International Association of Energy Economists in Cambridge, UK /
|c edited by Paul Tempest.
|
| 264 |
|
1 |
|a Cambridge, MA :
|b Oelgeschlager, Gunn & Hain ;
|a London :
|b Graham & Trotman,
|c 1981.
|
| 300 |
|
|
|a xv, 304 pages :
|b illustrations ;
|c 24 cm.
|
| 336 |
|
|
|a text
|b txt
|2 rdacontent
|
| 337 |
|
|
|a unmediated
|b n
|2 rdamedia
|
| 338 |
|
|
|a volume
|b nc
|2 rdacarrier
|
| 504 |
|
|
|a Includes bibliographical references and index.
|
| 650 |
|
0 |
|a Energy policy
|v Congresses.
|
| 650 |
|
0 |
|a Power resources
|v Congresses.
|
| 700 |
1 |
|
|a Tempest, Paul.
|
| 710 |
2 |
|
|a International Association of Energy Economists.
|
| 999 |
|
|
|a MARS
|
| 999 |
f |
f |
|s de204e8a-d5e8-3dfe-b5ad-7467814f0372
|i bd9f09ea-23ed-3619-b9a1-ffc0e6dd00e0
|t 0
|
| 952 |
f |
f |
|p ric
|a Texas A&M University
|b Rellis Campus
|c Joint Library Facility
|d Remote Storage
|t 0
|e HD9502.A2 I5777
|h Library of Congress classification
|i unmediated -- volume
|m A14806130656
|
| 998 |
f |
f |
|a HD9502.A2 I5777
|t 0
|l Remote Storage
|